ACOTACIONES HISTORICAS : (Registro nro. 23574)
[ vista simple ]
| 000 -LEADER | |
|---|---|
| fixed length control field | 00526nam a2200193 a 4500 |
| 001 - CONTROL NUMBER | |
| control field | 23574 |
| 005 - DATE AND TIME OF LATEST TRANSACTION | |
| control field | 20180713221645.0 |
| 008 - FIXED-LENGTH DATA ELEMENTS--GENERAL INFORMATION | |
| fixed length control field | 140415s1948 mx 000 0 spa d |
| 041 ## - LANGUAGE CODE | |
| Language code of text/sound track or separate title | spa |
| 082 ## - DEWEY DECIMAL CLASSIFICATION NUMBER | |
| Classification number | 972 |
| Item number | HAR |
| 100 1# - MAIN ENTRY--PERSONAL NAME | |
| Personal name | HARO Y T., AGUSTIN |
| 245 10 - TITLE STATEMENT | |
| Title | ACOTACIONES HISTORICAS : |
| Remainder of title | COMENTARIO A LAS MEMORIAS DEL CORONEL JOAQUIN PITA |
| 250 ## - EDITION STATEMENT | |
| Edition statement | 1a ed. |
| 260 ## - PUBLICATION, DISTRIBUTION, ETC. | |
| Place of publication, distribution, etc. | MEXICO : |
| Name of publisher, distributor, etc. | [S.L.], |
| Date of publication, distribution, etc. | 1948 |
| 300 ## - PHYSICAL DESCRIPTION | |
| Extent | 62 |
| 490 ## - SERIES STATEMENT | |
| Series statement | COL. PUEBLA |
| 500 ## - GENERAL NOTE | |
| General note | COLECCIÓN PUEBLA |
| 650 14 - SUBJECT ADDED ENTRY--TOPICAL TERM | |
| Topical term or geographic name entry element | HISTORIA |
| General subdivision | MEXICO |
| Withdrawn status | Lost status | Source of classification or shelving scheme | Damaged status | Not for loan | Collection code | Home library | Current library | Shelving location | Date acquired | Source of acquisition | Inventory number | Total Checkouts | Full call number | Barcode | Date last seen | Price effective from | Koha item type |
|---|---|---|---|---|---|---|---|---|---|---|---|---|---|---|---|---|---|
| Dewey Decimal Classification | Consulta en sala | Puebla | Biblioteca Karol Wojtyla | Biblioteca Karol Wojtyla | Área de silencio | 03/12/2013 | Compra | 151000000000000000072987 | 972 HAR | 44418 | 05/01/2026 | 03/12/2013 | Libro | ||||
| Dewey Decimal Classification | Consulta en sala | Puebla | Biblioteca Karol Wojtyla | Biblioteca Karol Wojtyla | Área de silencio | 03/12/2013 | Compra | 151000000000000000072989 | 972 HAR | 44440 | 05/01/2026 | 03/12/2013 | Libro | ||||
| Dewey Decimal Classification | Consulta en sala | Puebla | Biblioteca Karol Wojtyla | Biblioteca Karol Wojtyla | Área de silencio | 03/12/2013 | Compra | 151000000000000000072988 | 972 HAR | 44439 | 05/01/2026 | 03/12/2013 | Libro |